| 000 | 00835nam a2200217 a 4500 | ||
|---|---|---|---|
| 001 | 000013818 | ||
| 005 | 20230519124857.0 | ||
| 008 | 091130s1986 dr 001 0 spa d | ||
| 020 | _a8489525226 | ||
| 040 |
_aDO-SdBNP _aspa _cBNPHU |
||
| 082 |
_a016.61892 _bI399a |
||
| 245 | 0 | 0 |
_aÍndice analítico de archivos dominicanos de pedriatría 1965-1984 / _ccompiladora Manuel de Jesús Roa Santana, Lucero Arboleda de Roa ; colaboración Chavela Peña. |
| 260 |
_aSanto Domingo : _bInstituto Tecnológico de Santo Domingo _bAmigo del Hogar, _c1986. |
||
| 300 |
_a161 p. ; _c24 cm. |
||
| 500 | _aIncluye índice | ||
| 650 | 4 |
_aPediatria _xIndíce de revistas _931308 |
|
| 700 | 1 |
_aRoa Santana, Manuel de Jesús _ecomp. _931309 |
|
| 700 | 1 |
_aArboleda de Roa, Lucero _ecomp. _931310 |
|
| 700 | 1 |
_aPeña, Chavela _ecol. _931311 |
|
| 049 | _aBNPD | ||
| 999 |
_c13430 _d13430 |
||